[Event "Thursday 2026.02.12 2nd"]
[Site "chess.com INT"]
[Date "2026.02.12"]
[Round "7"]
[White "Keleberda, Tymur"]
[Black "Gubajdullin, Alexey"]
[Result "1-0"]
[WhiteElo "2331"]
[BlackElo "2223"]
[WhiteFideId "-1"]
[BlackFideId "-1"]
[PlyCount "181"]
[GameId "2278348460790825"]
[EventDate "2026.02.12"]
[EventType "swiss (blitz)"]
[EventRounds "11"]
[EventCountry "NET"]
[SourceTitle "Mega2026 Update 16"]
[Source "Chessbase"]
[SourceDate "2026.02.21"]
[SourceVersion "1"]
[SourceVersionDate "2026.02.21"]
[SourceQuality "1"]

1. e4 c5 2. Nf3 d6 3. c3 Nf6 4. h3 g6 5. Bd3 Bg7 6. Bc2 O-O 7. d4 cxd4 8. cxd4 b6 9. O-O Ba6 10. Re1 Nc6 11. Nc3 Rc8 12. Bf4 Nd7 13. e5 dxe5 14. dxe5 Nc5 15. Qc1 Nb4 16. Rd1 Qe8 17. a3 Nbd3 18. Qe3 Nxb2 19. Rd4 Nc4 20. Qe1 Ne6 21. Rc1 Nxd4 22. Nxd4 Nxa3 23. Be4 Rc5 24. Ra1 Qd8 25. Nb3 Qc8 26. Nxc5 Qxc5 27. Qc1 Nb5 28. Nd5 Nd4 29. Qxc5 bxc5 30. Rxa6 Ne2+ 31. Kf1 Nxf4 32. Nxf4 Bxe5 33. Nd3 Bd4 34. Rxa7 c4 35. Rd7 Bf6 36. Nf4 e6 37. Ne2 Rb8 38. Rc7 Rb4 39. g3 h5 40. Kg2 Kg7 41. Nf4 Be5 42. Rc6 Kf6 43. Nd5+ Kg7 44. Nxb4 c3 45. Nd3 Bd4 46. Rc4 Bf6 47. Nc1 g5 48. Bc2 Kf8 49. Ne2 Ke7 50. Nxc3 Kd6 51. Ne4+ Kd5 52. Nxf6+ Kxc4 53. Nxh5 Kc3 54. Bh7 Kd4 55. Ng7 Ke5 56. Nh5 Kd6 57. h4 gxh4 58. gxh4 Ke7 59. Bc2 Kf8 60. Ng3 Kg8 61. h5 Kg7 62. Kh3 Kh6 63. Kh4 f6 64. Nf1 f5 65. Nh2 Kg7 66. Kg5 Kh7 67. h6 Kg8 68. Nf3 Kf8 69. Nh4 Ke7 70. Kg6 Kd6 71. h7 Kc5 72. h8=Q Kc4 73. Qb2 Kd5 74. Nf3 Kc5 75. Qe5+ Kc4 76. Qd4+ Kb5 77. Bd3+ Kc6 78. Qc4+ Kd6 79. Qd4+ Kc6 80. Kf6 e5 81. Qxe5 f4 82. Qd4 Kc7 83. Kf5 Kc6 84. Kxf4 Kc7 85. Qd5 Kb6 86. Ke5 Kc7 87. Kd4 Kb6 88. Kc4 Kc7 89. Be4 Kb6 90. Qc6+ Ka5 91. Qb5# 1-0

[Event "Thursday 2026.02.12 2nd"]
[Site "chess.com INT"]
[Date "2026.02.12"]
[Round "8"]
[White "Altini, Nicola"]
[Black "Keleberda, Tymur"]
[Result "1-0"]
[WhiteElo "2360"]
[BlackElo "2331"]
[WhiteFideId "-1"]
[BlackFideId "-1"]
[PlyCount "77"]
[GameId "2278348460794933"]
[EventDate "2026.02.12"]
[EventType "swiss (blitz)"]
[EventRounds "11"]
[EventCountry "NET"]
[SourceTitle "Mega2026 Update 16"]
[Source "Chessbase"]
[SourceDate "2026.02.21"]
[SourceVersion "1"]
[SourceVersionDate "2026.02.21"]
[SourceQuality "1"]

1. d4 d5 2. c4 e6 3. Nc3 Nf6 4. cxd5 exd5 5. Bg5 c6 6. e3 Be7 7. Bd3 O-O 8. Nge2 h6 9. Bh4 Nbd7 10. O-O Ne4 11. Bxe7 Qxe7 12. Bxe4 dxe4 13. d5 Nf6 14. dxc6 bxc6 15. Ng3 Ba6 16. Re1 Rab8 17. Qa4 Bd3 18. b3 Rb4 19. Qa5 Rfb8 20. Nf5 Qd7 21. Nd4 Rxd4 22. exd4 Qxd4 23. Rac1 Ng4 24. Nd1 Qd6 25. Qh5 Nf6 26. Qh4 Rb5 27. Ne3 Rg5 28. Qh3 a5 29. Qc8+ Kh7 30. Rxc6 Qb4 31. Rec1 Nh5 32. h4 Re5 33. R6c5 Rxc5 34. Qxc5 Qd2 35. Qf5+ g6 36. Qxf7+ Ng7 37. Rc7 Qe1+ 38. Kh2 Qa1 39. Ng4 1-0

[Event "Thursday 2026.01.29 2nd"]
[Site "chess.com INT"]
[Date "2026.01.29"]
[Round "1"]
[White "Toro Ramirez, Samuel"]
[Black "Keleberda, Tymur"]
[Result "0-1"]
[WhiteElo "2089"]
[BlackElo "2381"]
[WhiteFideId "-1"]
[BlackFideId "-1"]
[PlyCount "90"]
[GameId "2273258601400463"]
[EventDate "2026.01.29"]
[EventType "swiss (blitz)"]
[EventRounds "11"]
[EventCountry "NET"]
[SourceTitle "Mega2026 Update 14"]
[Source "Chessbase"]
[SourceDate "2026.02.07"]
[SourceVersion "1"]
[SourceVersionDate "2026.02.07"]
[SourceQuality "1"]

1. e4 c5 2. Nf3 d6 3. d4 cxd4 4. Nxd4 Nf6 5. Nc3 a6 6. Be3 e5 7. Nb3 Be6 8. f3 Be7 9. Qd2 O-O 10. O-O-O Nbd7 11. g4 b5 12. g5 Nh5 13. Kb1 Nb6 14. Nd5 Nxd5 15. exd5 Bd7 16. Na5 Qc7 17. Rg1 Bd8 18. Nb3 a5 19. h4 a4 20. Nc1 Qb7 21. Bd3 b4 22. Rg2 Ba5 23. b3 Bb6 24. Qxb4 Rfb8 25. Qxb6 Qxb6 26. Bxb6 Rxb6 27. c4 Nf4 28. Rb2 Rab8 29. Be4 g6 30. Ka1 axb3 31. axb3 Rb4 32. Kb1 Ba4 33. Bc2 Bd7 34. Na2 R4b7 35. b4 Rc7 36. Bb3 Bf5+ 37. Ka1 Nd3 38. c5 dxc5 39. bxc5 Nxb2 40. d6 Rxc5 41. Kxb2 Be6 42. Rd3 Rcb5 43. Nc1 Bxb3 44. Rxb3 Rxb3+ 45. Nxb3 Rd8 0-1

[Event "Thursday 2026.01.29 2nd"]
[Site "chess.com INT"]
[Date "2026.01.29"]
[Round "2"]
[White "Keleberda, Tymur"]
[Black "Terry, Renato"]
[Result "0-1"]
[WhiteElo "2381"]
[BlackElo "2508"]
[WhiteFideId "-1"]
[BlackFideId "-1"]
[PlyCount "122"]
[GameId "2273258601400544"]
[EventDate "2026.01.29"]
[EventType "swiss (blitz)"]
[EventRounds "11"]
[EventCountry "NET"]
[SourceTitle "Mega2026 Update 14"]
[Source "Chessbase"]
[SourceDate "2026.02.07"]
[SourceVersion "1"]
[SourceVersionDate "2026.02.07"]
[SourceQuality "1"]

1. e4 e6 2. d4 d5 3. Nd2 Be7 4. Bd3 c5 5. dxc5 Nf6 6. exd5 Qxd5 7. Ngf3 Nbd7 8. Nb3 Nxc5 9. Nxc5 Qxc5 10. O-O O-O 11. Re1 Qc7 12. Bg5 b6 13. Qd2 Bb7 14. Ne5 Rad8 15. Qe3 Rd5 16. Bf4 Qc5 17. Qh3 Qd4 18. Bg3 Qxb2 19. Rab1 Qc3 20. Re3 Qd4 21. Rbe1 Qb4 22. c3 Qc5 23. c4 Rd4 24. Bh4 Rxh4 25. Qxh4 Rd8 26. Qg3 Qd4 27. Qh3 Rf8 28. Nf3 Qf4 29. Ne5 Bc5 30. R3e2 g6 31. Bc2 Kg7 32. Nd3 Qg4 33. Nxc5 bxc5 34. Qc3 Qd4 35. Qb3 Bc6 36. Rd1 Qf4 37. f3 Rb8 38. Qc3 h6 39. g3 Qxf3 40. Qe5 Qh1+ 41. Kf2 Qxh2+ 42. Ke1 Qh5 43. Qxb8 Qh1+ 44. Kd2 Qf3 45. Kc1 Qxe2 46. Qf4 e5 47. Qf1 Qe3+ 48. Kb1 Be4 49. Re1 Bxc2+ 50. Kxc2 Qd4 51. Rd1 Qe4+ 52. Kb2 Qc6 53. Kc3 Qb6 54. Rd5 Qb4+ 55. Kc2 e4 56. Qe1 Qxc4+ 57. Kb1 Qxd5 58. Qc3 Qd3+ 59. Qxd3 exd3 60. Kc1 c4 61. Kd2 Ne4+ 0-1

[Event "Thursday 2026.01.29 2nd"]
[Site "chess.com INT"]
[Date "2026.01.29"]
[Round "3"]
[White "Martic, Ivan"]
[Black "Keleberda, Tymur"]
[Result "0-1"]
[WhiteElo "2288"]
[BlackElo "2381"]
[WhiteFideId "-1"]
[BlackFideId "-1"]
[PlyCount "40"]
[GameId "2273258601400556"]
[EventDate "2026.01.29"]
[EventType "swiss (blitz)"]
[EventRounds "11"]
[EventCountry "NET"]
[SourceTitle "Mega2026 Update 14"]
[Source "Chessbase"]
[SourceDate "2026.02.07"]
[SourceVersion "1"]
[SourceVersionDate "2026.02.07"]
[SourceQuality "1"]

1. e4 c5 2. Nf3 d6 3. d4 cxd4 4. Nxd4 Nf6 5. f3 e5 6. Nb3 d5 7. Bg5 d4 8. c3 Nc6 9. Bb5 {9.cxd4 is the fancy move. 9.cxd4 ist der angesagte Zug.} Qb6 10. Bxc6+ bxc6 11. cxd4 Ba6 12. Nc3 Rd8 13. Bxf6 $146 (13. d5 cxd5 14. exd5 Nxd5 15. Qd2 Nf6 16. Qe3 Bb4 17. Qxe5+ Kf8 18. Be3 Rd5 19. Qf4 {0-1 Tomic,S (1970)-Molina,F (2178) Arco op 43rd 2021 (5)}) 13... gxf6 14. d5 cxd5 15. exd5 Qe3+ 16. Ne2 Rxd5 17. Qc2 Bb4+ 18. Kf1 O-O 19. a3 Rd2 20. Nxd2 Qxe2+ 0-1

[Event "Thursday 2026.01.29 2nd"]
[Site "chess.com INT"]
[Date "2026.01.29"]
[Round "4"]
[White "Ahmad, Khagan"]
[Black "Keleberda, Tymur"]
[Result "1-0"]
[WhiteElo "2472"]
[BlackElo "2381"]
[WhiteFideId "-1"]
[BlackFideId "-1"]
[PlyCount "23"]
[GameId "2273258601470244"]
[EventDate "2026.01.29"]
[EventType "swiss (blitz)"]
[EventRounds "11"]
[EventCountry "NET"]
[SourceTitle "Mega2026 Update 14"]
[Source "Chessbase"]
[SourceDate "2026.02.07"]
[SourceVersion "1"]
[SourceVersionDate "2026.02.07"]
[SourceQuality "1"]

1. e4 c5 2. Nf3 d6 3. d4 cxd4 4. Qxd4 Nc6 5. Bb5 Nf6 6. Bg5 e6 7. Nc3 Be7 8. O-O-O O-O 9. Bxc6 bxc6 10. Bxf6 Bxf6 11. Qxd6 Bxc3 12. Qxd8 1-0

[Event "Thursday 2026.01.29 2nd"]
[Site "chess.com INT"]
[Date "2026.01.29"]
[Round "5"]
[White "Keleberda, Tymur"]
[Black "Gubajdullin, Alexey"]
[Result "0-1"]
[WhiteElo "2381"]
[BlackElo "2223"]
[WhiteFideId "-1"]
[BlackFideId "-1"]
[PlyCount "128"]
[GameId "2273258601494927"]
[EventDate "2026.01.29"]
[EventType "swiss (blitz)"]
[EventRounds "11"]
[EventCountry "NET"]
[SourceTitle "Mega2026 Update 14"]
[Source "Chessbase"]
[SourceDate "2026.02.07"]
[SourceVersion "1"]
[SourceVersionDate "2026.02.07"]
[SourceQuality "1"]

1. g3 Nf6 2. Bg2 g6 3. d4 Bg7 4. Nf3 O-O 5. c4 d6 6. Nc3 Nbd7 7. O-O e5 8. e4 c6 9. h3 a5 10. Be3 a4 11. Rc1 exd4 12. Nxd4 Qa5 13. f3 Nc5 14. Qe2 Nfd7 15. Rfd1 Nb6 16. Nc2 Be6 17. Na3 Qb4 18. Bf1 f5 19. Rxd6 fxe4 20. fxe4 Be5 21. Rdd1 Bxg3 22. Bd4 Nbd7 23. Qg2 Bf4 24. Nc2 Qa5 25. Rb1 Be5 26. Ne3 Bxd4 27. Rxd4 Qb6 28. Rbd1 Ne5 29. Be2 Ncd3 30. R1xd3 Nxd3 31. Rxd3 Bxc4 32. Rd6 Qxe3+ 33. Kh1 Qc1+ 34. Rd1 Qf4 35. Bxc4+ Kh8 36. Rg1 b5 37. Bd3 b4 38. Ne2 Qe3 39. Bb1 Rf2 40. Qg3 Qxg3 41. Nxg3 Rxb2 42. e5 Re8 43. Re1 Re6 44. Ne4 Rxe5 45. Rd1 Rxb1 46. Rxb1 Rxe4 47. Kg2 c5 48. Kf3 Rd4 49. Rc1 b3 50. Ke3 b2 51. Rb1 a3 52. Rf1 Rc4 53. Kd3 Rc1 54. Rf8+ Kg7 55. Rb8 b1=Q+ 56. Rxb1 Rxb1 57. Kc2 Rb2+ 58. Kc3 Rxa2 59. Kb3 Ra1 60. h4 c4+ 61. Kc3 Rc1+ 62. Kb4 a2 63. Kc5 a1=Q 64. h5 Qe5+ 0-1

[Event "Thursday 2026.01.29 2nd"]
[Site "chess.com INT"]
[Date "2026.01.29"]
[Round "6"]
[White "Novikov, Evgenij"]
[Black "Keleberda, Tymur"]
[Result "1-0"]
[WhiteElo "2276"]
[BlackElo "2381"]
[WhiteFideId "-1"]
[BlackFideId "-1"]
[PlyCount "87"]
[GameId "2273258601535920"]
[EventDate "2026.01.29"]
[EventType "swiss (blitz)"]
[EventRounds "11"]
[EventCountry "NET"]
[SourceTitle "Mega2026 Update 14"]
[Source "Chessbase"]
[SourceDate "2026.02.07"]
[SourceVersion "1"]
[SourceVersionDate "2026.02.07"]
[SourceQuality "1"]

1. e4 e6 2. d4 d5 3. e5 c5 4. Nf3 Nc6 5. Bd3 cxd4 6. O-O Bd7 7. Nbd2 $1 {[%mdl 4] is currently scoring better than 7.Re1. wohl besser als 7.Te1.} a6 8. Nb3 Nge7 9. Nbxd4 Nxd4 10. Nxd4 Nc6 11. Nxc6 bxc6 $146 (11... Bxc6 12. Qg4 Qa5 13. a4 Qb4 14. Qe2 Be7 15. f4 g6 16. c3 Qb6+ 17. Kh1 d4 18. cxd4 Qxd4 {0-1 Hodac,P (2104)-Svoboda,I (2021) CZE-chT2D 0809 Czech Republic 2008 (4.7)}) 12. Be3 c5 13. c4 d4 14. Bd2 Bc6 15. Qe2 Qb6 16. b3 Qb7 17. f4 g6 18. Rab1 a5 19. a3 h5 20. h4 Be7 21. g3 O-O 22. Kh2 Kg7 23. Rf2 Rfb8 24. a4 Rh8 25. Bc2 Ra6 26. Qd3 Qa8 27. Rbf1 Qd8 28. Kh3 Qc8 29. Bc1 Rd8 30. Re2 Rb6 31. Bd2 Ra6 32. Be1 Qa8 33. Bb1 Rb6 34. Bc2 Rb7 35. Ref2 Rb6 36. Kh2 Qa7 37. f5 exf5 38. Rxf5 Be8 39. R5f3 Re6 40. Bd2 Rxe5 41. Rxf7+ Bxf7 42. Rxf7+ Kxf7 43. Qxg6+ Kf8 44. Bh6# 1-0

[Event "Thursday 2026.01.22 2nd"]
[Site "chess.com INT"]
[Date "2026.01.22"]
[Round "1"]
[White "Keleberda, Tymur"]
[Black "Longson, Sarah N"]
[Result "1-0"]
[WhiteElo "2381"]
[BlackElo "1923"]
[WhiteFideId "-1"]
[BlackFideId "-1"]
[PlyCount "47"]
[GameId "2270725502546151"]
[EventDate "2026.01.22"]
[EventType "swiss (blitz)"]
[EventRounds "11"]
[EventCountry "NET"]
[SourceTitle "Mega2026 Update 13"]
[Source "Chessbase"]
[SourceDate "2026.01.30"]
[SourceVersion "1"]
[SourceVersionDate "2026.01.30"]
[SourceQuality "1"]

1. e4 e5 2. Nf3 Nc6 3. Bc4 Nf6 4. d4 exd4 5. e5 d5 6. Bb5 Ne4 7. Nxd4 Bc5 8. Be3 O-O 9. Nxc6 bxc6 10. Bxc5 Nxc5 11. Bxc6 Rb8 12. Qxd5 Qe7 13. O-O Rxb2 14. Nc3 Rd8 15. Qf3 Ne6 16. Nd5 Qc5 17. Rad1 Nd4 18. Qe3 Rxc2 19. Rxd4 Be6 20. Nf6+ gxf6 21. Rxd8+ Kg7 22. Qg3+ Kh6 23. Qf4+ Kg7 24. Qxf6# 1-0

[Event "Thursday 2026.01.22 2nd"]
[Site "chess.com INT"]
[Date "2026.01.22"]
[Round "2"]
[White "Hansen, Eric"]
[Black "Keleberda, Tymur"]
[Result "0-1"]
[WhiteElo "2609"]
[BlackElo "2381"]
[WhiteFideId "-1"]
[BlackFideId "-1"]
[PlyCount "122"]
[GameId "2270725502546221"]
[EventDate "2026.01.22"]
[EventType "swiss (blitz)"]
[EventRounds "11"]
[EventCountry "NET"]
[SourceTitle "Mega2026 Update 13"]
[Source "Chessbase"]
[SourceDate "2026.01.30"]
[SourceVersion "1"]
[SourceVersionDate "2026.01.30"]
[SourceQuality "1"]

1. Nf3 d5 2. g3 Bg4 3. Bg2 Nd7 4. h3 Bxf3 5. Bxf3 c6 6. Bg2 e5 7. d3 Ngf6 8. Nd2 Bc5 9. e3 O-O 10. a3 Qe7 11. b3 Ne8 12. c4 Qe6 13. b4 Bb6 14. Qb3 d4 15. c5 dxe3 16. fxe3 Qg6 17. cxb6 Qxg3+ 18. Kf1 axb6 19. Ne4 Qh4 20. Bd2 Kh8 21. Nf2 Nd6 22. Ke2 Nf5 23. Ne4 Nf6 24. Be1 Qh6 25. Bf2 Nd5 26. Kf1 Ndxe3+ 27. Kg1 Qg6 28. Bxe3 Nxe3 29. Rh2 f5 30. Nc3 f4 31. Nd1 Nxd1 32. Qxd1 f3 33. Kh1 fxg2+ 34. Rxg2 Qh6 35. Qg4 Rf4 36. Qg3 Raf8 37. Rag1 Rf3 38. Qxg7+ Qxg7 39. Rxg7 Rxh3+ 40. Kg2 Kxg7 41. Kxh3+ Kh6 42. Re1 Rf3+ 43. Kg4 Rf4+ 44. Kg3 Rf5 45. Kg4 Kg6 46. Rh1 h5+ 47. Kg3 Rf4 48. b5 c5 49. Re1 Kf5 50. Rh1 h4+ 51. Kg2 Rd4 52. Rh3 Kg4 53. Re3 Kf4 54. Rh3 Kg5 55. Kf2 Ra4 56. Ke3 Rxa3 57. Rh1 c4 58. Rg1+ Kf5 59. Rf1+ Ke6 60. Ke4 Rxd3 61. Rg1 Rd4+ 0-1

[Event "Thursday 2026.01.22 2nd"]
[Site "chess.com INT"]
[Date "2026.01.22"]
[Round "3"]
[White "Bortnyk, Olexandr"]
[Black "Keleberda, Tymur"]
[Result "0-1"]
[WhiteElo "2604"]
[BlackElo "2381"]
[WhiteFideId "-1"]
[BlackFideId "-1"]
[PlyCount "140"]
[GameId "2270725502611826"]
[EventDate "2026.01.22"]
[EventType "swiss (blitz)"]
[EventRounds "11"]
[EventCountry "NET"]
[SourceTitle "Mega2026 Update 13"]
[Source "Chessbase"]
[SourceDate "2026.01.30"]
[SourceVersion "1"]
[SourceVersionDate "2026.01.30"]
[SourceQuality "1"]

1. d4 d5 2. Nc3 e6 3. e4 Nf6 4. Bg5 dxe4 5. Nxe4 Be7 6. Bxf6 gxf6 7. Nf3 f5 8. Nc3 a6 9. Qd3 b5 10. O-O-O b4 11. Ne2 Bb7 12. Qe3 Qd5 13. Kb1 Bd6 14. Qg5 Nd7 15. Nf4 Qa5 16. Nh5 Bd5 17. b3 Be7 18. Qg7 Rf8 19. Qxh7 Qb6 20. Ng7+ Kd8 21. Bc4 Bxc4 22. bxc4 b3 23. cxb3 a5 24. d5 a4 25. dxe6 axb3 26. Rxd7+ Kc8 27. Qxf5 bxa2+ 28. Ka1 fxe6 29. Qxe6 Bf6+ 30. Ne5 Qxe6 31. Nxe6 Bxe5+ 32. Rd4 Rf6 33. f4 Bxd4+ 34. Nxd4 Rxf4 35. Rd1 Ra6 36. g3 Re4 37. c5 Ra5 38. Nb3 Rb5 39. Kxa2 Re2+ 40. Ka3 Re3 41. Rb1 Rxc5 42. Rb2 Rc4 43. h4 Rxg3 44. h5 Rh4 45. Ka2 Rxh5 46. Rd2 Rg4 47. Rf2 Ra4+ 48. Kb2 Rb4 49. Kc3 Rb6 50. Rf8+ Kb7 51. Nd4 Rh3+ 52. Kc2 Rh4 53. Rd8 Rd6 54. Rxd6 cxd6 55. Nf5 Rc4+ 56. Kd3 Rc6 57. Nd4 Kc8 58. Nf5 Kd7 59. Nd4 Ra6 60. Nf3 Ra3+ 61. Ke4 Ra4+ 62. Nd4 Ra5 63. Kd3 Ra7 64. Ke3 Ra8 65. Ke4 Re8+ 66. Kd5 Rh8 67. Kc4 Rh5 68. Kd3 Rc5 69. Ke4 Re5+ 70. Kd3 Rd5 0-1

[Event "Thursday 2026.01.22 2nd"]
[Site "chess.com INT"]
[Date "2026.01.22"]
[Round "4"]
[White "Keleberda, Tymur"]
[Black "Zhigalko, Sergei"]
[Result "0-1"]
[WhiteElo "2381"]
[BlackElo "2572"]
[WhiteFideId "-1"]
[BlackFideId "-1"]
[PlyCount "138"]
[GameId "2270725502611873"]
[EventDate "2026.01.22"]
[EventType "swiss (blitz)"]
[EventRounds "11"]
[EventCountry "NET"]
[SourceTitle "Mega2026 Update 13"]
[Source "Chessbase"]
[SourceDate "2026.01.30"]
[SourceVersion "1"]
[SourceVersionDate "2026.01.30"]
[SourceQuality "1"]

1. e4 c5 2. Nf3 Nc6 3. Bb5 Nf6 4. Qe2 g6 5. O-O Bg7 6. c3 O-O 7. d4 d5 8. e5 Ne4 9. Nbd2 Bf5 $5 {[%mdl 4] A promising side line. Eine vielversprechende Nebenvariante.} 10. Bd3 cxd4 11. cxd4 Nxd2 12. Bxd2 Bg4 13. Bc3 e6 $146 (13... f6 14. exf6 Rxf6 15. Bb5 Qf8 16. Rae1 Re8 17. Bxc6 bxc6 18. Bb4 Bxf3 19. gxf3 Rxf3 {½-½ Drakoulakos,G (2020)-Alexiadis,H (2034) Attica-ch U14 Athens 2014 (5.1)}) 14. Qe3 Bxf3 15. Qxf3 f6 16. exf6 Qxf6 17. Qe3 a6 18. f4 Qxd4 19. Bxd4 Bxd4 20. Rae1 Rae8 21. g3 Kg7 22. Kg2 Bxe3 23. Rxe3 e5 24. fxe5 Rxf1 25. Kxf1 Rxe5 26. Rf3 Re6 27. Kg2 Ne5 28. Re3 Kf6 29. Bc2 Rc6 30. Bb3 d4 31. Re4 Rd6 32. Kf2 Nd3+ 33. Ke2 Nxb2 34. Rf4+ Ke5 35. Rf7 b5 36. Re7+ Kf6 37. Rf7+ Ke5 38. Re7+ Kf5 39. Rxh7 d3+ 40. Kd2 Nc4+ 41. Bxc4 bxc4 42. Rh4 Rc6 43. Kc3 g5 44. Rd4 Ke5 45. h4 gxh4 46. Rxh4 Rd6 47. Rh1 Ke4 48. Re1+ Kf3 49. Kd2 c3+ 50. Kxc3 d2 51. Rh1 d1=Q 52. Rxd1 Rxd1 53. Kb4 Rd6 54. a4 Rg6 55. Kc5 Kxg3 56. a5 Kf4 57. Kd5 Rg5+ 58. Kc6 Rxa5 59. Kb6 Ra1 60. Kc5 Ke5 61. Kb4 Kd6 62. Kc3 Kc6 63. Kb2 Rh1 64. Kb3 Rh5 65. Kc2 Rb5 66. Kc3 a5 67. Kd4 a4 68. Kc4 a3 69. Kc3 a2 0-1

[Event "Thursday 2026.01.22 2nd"]
[Site "chess.com INT"]
[Date "2026.01.22"]
[Round "5"]
[White "Keleberda, Tymur"]
[Black "Deac, Bogdan Daniel"]
[Result "1/2-1/2"]
[WhiteElo "2381"]
[BlackElo "2652"]
[WhiteFideId "-1"]
[BlackFideId "-1"]
[PlyCount "125"]
[GameId "2270725502677473"]
[EventDate "2026.01.22"]
[EventType "swiss (blitz)"]
[EventRounds "11"]
[EventCountry "NET"]
[SourceTitle "Mega2026 Update 13"]
[Source "Chessbase"]
[SourceDate "2026.01.30"]
[SourceVersion "1"]
[SourceVersionDate "2026.01.30"]
[SourceQuality "1"]

1. e4 c5 2. Nf3 Nc6 3. Bb5 e6 4. O-O Nge7 5. Re1 a6 6. Bf1 b6 7. c3 d5 8. d3 Bb7 9. Qe2 g6 10. g3 Bg7 11. Bg2 O-O 12. Nbd2 Qd7 13. h4 h6 14. Nf1 Rad8 15. h5 g5 16. N1h2 dxe4 17. dxe4 Qd3 18. Qxd3 Rxd3 19. Bf1 Rd7 20. Ng4 Rfd8 21. Be3 Na5 22. Nfe5 Rc7 23. f4 f6 24. Nc4 Nxc4 25. Bxc4 Bc8 26. a4 Nc6 27. Rad1 Re8 28. Rd6 Kf8 29. Red1 Ke7 30. R6d2 gxf4 31. gxf4 f5 32. Nf2 Bf6 33. exf5 exf5 34. Nd3 Kf8 35. Bf2 Na5 36. Bd5 Be6 37. Bxe6 Rxe6 38. Ne5 Bxe5 39. fxe5 Nc4 40. Rd8+ Kf7 41. Rh8 Rce7 42. Rdd8 Rxe5 43. Rdf8+ Ke6 44. b3 Nd2 45. Kg2 Rg7+ 46. Kh3 Ne4 47. Bh4 Ng5+ 48. Bxg5 Rxg5 49. Rxh6+ Kd5 50. Rd8+ Ke4 51. Rd1 Kf3 52. Rf1+ Ke2 53. Rf4 Ke3 54. Rf1 Ke2 55. Rf4 Ke3 56. Rh4 Kf3 57. Rg6 Rxg6 58. hxg6 Re1 59. Kh2 Re2+ 60. Kh1 Re1+ 61. Kh2 Re2+ 62. Kg1 Re1+ 63. Kh2 1/2-1/2

[Event "Thursday 2026.01.22 2nd"]
[Site "chess.com INT"]
[Date "2026.01.22"]
[Round "6"]
[White "Dubnevych, Maksym"]
[Black "Keleberda, Tymur"]
[Result "0-1"]
[WhiteElo "2320"]
[BlackElo "2381"]
[WhiteFideId "-1"]
[BlackFideId "-1"]
[PlyCount "114"]
[GameId "2270725502677512"]
[EventDate "2026.01.22"]
[EventType "swiss (blitz)"]
[EventRounds "11"]
[EventCountry "NET"]
[SourceTitle "Mega2026 Update 13"]
[Source "Chessbase"]
[SourceDate "2026.01.30"]
[SourceVersion "1"]
[SourceVersionDate "2026.01.30"]
[SourceQuality "1"]

1. Nc3 d5 2. e4 e6 3. d4 Nf6 4. Bg5 dxe4 5. Nxe4 Be7 6. Nxf6+ gxf6 7. Be3 b6 8. Qf3 c6 9. Ne2 Bb7 10. O-O-O Qc8 11. Qg3 Nd7 12. Qg7 Rf8 13. Qxh7 c5 14. h4 Qc6 15. Bh6 O-O-O 16. Bxf8 Rxf8 17. h5 f5 18. Qh6 Rg8 19. Qe3 Nf6 20. Kb1 Ng4 21. Qg3 Bf6 22. f3 Nh6 23. Qf2 Rd8 24. Qe3 Bg7 25. Qg5 Bf8 26. Qe3 Bg7 27. c3 Qa4 28. b3 Qa5 29. Nc1 cxd4 30. cxd4 f4 31. Qe1 Qg5 32. Qc3+ Kb8 33. Bd3 Bxd4 34. Qc2 Bg7 35. Be4 Rc8 36. Qd2 Bxe4+ 37. fxe4 Qf6 38. Qd6+ Kb7 39. e5 Qxe5 40. Qxe5 Bxe5 41. Nd3 Bb8 42. Rhf1 Rg8 43. Nxf4 Rg5 44. Rd7+ Kc6 45. Re7 b5 46. Nxe6 Rxg2 47. Nd4+ Kb6 48. Re2 Rg4 49. Rf6+ Kc5 50. Rxh6 Rxd4 51. Rc2+ Kb4 52. Rhc6 a5 53. Kb2 a4 54. Ra6 a3+ 55. Rxa3 Be5 56. Ra8 Rd1+ 57. Rc3 Bxc3+ 0-1

[Event "Thursday 2026.01.22 2nd"]
[Site "chess.com INT"]
[Date "2026.01.22"]
[Round "7"]
[White "Martirosyan, Haik M"]
[Black "Keleberda, Tymur"]
[Result "1-0"]
[WhiteElo "2625"]
[BlackElo "2381"]
[WhiteFideId "-1"]
[BlackFideId "-1"]
[PlyCount "113"]
[GameId "2270725502677542"]
[EventDate "2026.01.22"]
[EventType "swiss (blitz)"]
[EventRounds "11"]
[EventCountry "NET"]
[SourceTitle "Mega2026 Update 13"]
[Source "Chessbase"]
[SourceDate "2026.01.30"]
[SourceVersion "1"]
[SourceVersionDate "2026.01.30"]
[SourceQuality "1"]

1. d4 e6 2. Nf3 d5 3. c3 Nf6 4. Bg5 Be7 5. Nbd2 Nbd7 6. e3 O-O 7. Bd3 b6 8. Ne5 Bb7 9. O-O Ne4 10. Bxe7 Qxe7 11. f4 f6 12. Nxd7 Qxd7 13. Nxe4 dxe4 14. Bc4 Bd5 15. Be2 c5 16. a4 Rfd8 17. a5 c4 18. Qa4 Qxa4 19. Rxa4 b5 20. Rb4 a6 21. Rc1 Rdc8 22. Kf2 Rc7 23. Ke1 Rac8 24. Kd2 Kf7 25. h4 g6 26. g4 e5 27. fxe5 fxe5 28. Rf1+ Ke6 29. g5 Kd6 30. Rf6+ Be6 31. Bg4 Re8 32. b3 cxb3 33. Rxb3 Rc4 34. Rb4 Rxb4 35. cxb4 exd4 36. exd4 Kd5 37. Bxe6+ Rxe6 38. Ke3 Re7 39. Rxa6 Kc4 40. Rc6+ Kxb4 41. a6 Ka5 42. d5 b4 43. d6 Rd7 44. Kxe4 b3 45. Rc1 Rxd6 46. a7 Ra6 47. a8=Q Rxa8 48. Ra1+ Kb4 49. Rxa8 b2 50. Rb8+ Kc3 51. Ke5 Kc2 52. Kf6 b1=Q 53. Rxb1 Kxb1 54. Kg7 Kc2 55. Kxh7 Kd3 56. Kxg6 Kd4 57. h5 1-0

[Event "Thursday 2026.01.22 2nd"]
[Site "chess.com INT"]
[Date "2026.01.22"]
[Round "8"]
[White "Keleberda, Tymur"]
[Black "Lysyj, Igor"]
[Result "0-1"]
[WhiteElo "2381"]
[BlackElo "2560"]
[WhiteFideId "-1"]
[BlackFideId "-1"]
[PlyCount "56"]
[GameId "2270725502677590"]
[EventDate "2026.01.22"]
[EventType "swiss (blitz)"]
[EventRounds "11"]
[EventCountry "NET"]
[SourceTitle "Mega2026 Update 13"]
[Source "Chessbase"]
[SourceDate "2026.01.30"]
[SourceVersion "1"]
[SourceVersionDate "2026.01.30"]
[SourceQuality "1"]

1. e4 e5 2. Nf3 Nc6 3. Bc4 Bc5 4. c3 Nf6 5. d4 exd4 6. e5 d5 7. Bb5 Ne4 8. cxd4 Bb6 9. Nc3 O-O 10. Be3 h6 11. Qc2 Bf5 12. Qb3 Na5 13. Qxd5 Qe7 14. Nxe4 Be6 15. Nf6+ gxf6 16. Qe4 Qb4+ 17. Nd2 Qxb5 18. Bxh6 Rfd8 19. Qh4 Rxd4 20. f4 Qd3 21. O-O-O Bxa2 22. Qg3+ Qxg3 23. hxg3 Rad8 24. exf6 Rxd2 25. Rxd2 Nb3+ 26. Kd1 Rxd2+ 27. Ke1 Bf2+ 28. Kf1 Bb1 0-1